Normal view
MARC view
Entry Personal Name
001 - CONTROL NUMBER
- control field: 3016
003 - CONTROL NUMBER IDENTIFIER
- control field: BD-RjUL
005 - DATE AND TIME OF LATEST TRANSACTION
- control field: 20220516155746.0
008 - FIXED-LENGTH DATA ELEMENTS
- fixed length control field: 220516|| aca||aabn | a|a d
040 ## - CATALOGING SOURCE
- Original cataloging agency: BD-RjUL
- Transcribing agency: BD-RjUL
100 ## - HEADING--PERSONAL NAME
- Personal name: Waldock, C. H. M.
- Fuller form of name: (Claud Humphrey Meredith),
- Dates associated with a name: 1904-
670 ## - SOURCE DATA FOUND
- Source citation: Work cat.: (BD-RjUL)4154: Brierly, J. L. (James Leslie), 1881-1955. 117886, The law of nations :, c1963 [reprinted 1967].